[Event "Rapid 2018"]
[Site "Saint-Petersburg"]
[Date "2018.12.28"]
[Round "14"]
[Board "14"]
[White "Petrosian Tigran L. (ARM)"]
[Black "Guseinov Gadir (AZE)"]
[Result "1-0"]
[LiveChessVersion "1.4.8"]
[BlackElo "2732"]
[WhiteElo "2676"]

1. Nf3 {[%clk 0:15:19]} g6 {[%clk 0:15:17]} 2. g3 {[%clk 0:15:25]} Bg7
{[%clk 0:15:25]} 3. Bg2 {[%clk 0:15:34]} d6 {[%clk 0:15:26]} 4. O-O
{[%clk 0:15:26]} Nf6 {[%clk 0:15:24]} 5. c4 {[%clk 0:15:23]} O-O {[%clk 0:15:27]}
6. Nc3 {[%clk 0:15:30]} e5 {[%clk 0:15:28]} 7. d3 {[%clk 0:15:38]} Re8
{[%clk 0:14:54]} 8. Rb1 {[%clk 0:15:30]} a5 {[%clk 0:14:25]} 9. a3
{[%clk 0:15:32]} Nc6 {[%clk 0:13:55]} 10. Bg5 {[%clk 0:15:16]} h6
{[%clk 0:13:32]} 11. Bxf6 {[%clk 0:15:25]} Bxf6 {[%clk 0:13:34]} 12. b4
{[%clk 0:15:26]} axb4 {[%clk 0:13:39]} 13. axb4 {[%clk 0:15:35]} Bg7
{[%clk 0:13:30]} 14. b5 {[%clk 0:15:32]} Nd4 {[%clk 0:13:32]} 15. Nxd4
{[%clk 0:11:53]} exd4 {[%clk 0:13:39]} 16. Nd5 {[%clk 0:12:02]} Bg4
{[%clk 0:12:51]} 17. Re1 {[%clk 0:11:57]} Ra2 {[%clk 0:12:40]} 18. Bf3
{[%clk 0:12:02]} h5 {[%clk 0:10:28]} 19. Nb4 {[%clk 0:10:51]} Ra7
{[%clk 0:10:07]} 20. b6 {[%clk 0:10:30]} cxb6 {[%clk 0:10:01]} 21. Bxg4
{[%clk 0:10:05]} hxg4 {[%clk 0:10:10]} 22. Nd5 {[%clk 0:10:14]} Ra5
{[%clk 0:08:31]} 23. Nxb6 {[%clk 0:08:00]} Rh5 {[%clk 0:07:52]} 24. Nd5
{[%clk 0:07:58]} Qg5 {[%clk 0:07:46]} 25. Qa4 {[%clk 0:03:46]} Rf8
{[%clk 0:07:14]} 26. Qd7 {[%clk 0:03:02]} Be5 {[%clk 0:03:58]} 27. Rxb7
{[%clk 0:02:07]} Kg7 {[%clk 0:02:44]} 28. Nc7 {[%clk 0:01:55]} Kg8
{[%clk 0:02:53]} 29. Nd5 {[%clk 0:01:30]} Kg7 {[%clk 0:03:02]} 30. Ra1
{[%clk 0:01:28]} Rh7 {[%clk 0:02:01]} 31. Nc7 {[%clk 0:00:21]} Kg8
{[%clk 0:02:10]} 32. Nd5 {[%clk 0:00:12]} Qh5 {[%clk 0:02:01]} 33. h4
{[%clk 0:00:21]} gxh3 {[%clk 0:02:10]} 34. Re1 {[%clk 0:00:14]} Qg5
{[%clk 0:01:39]} 35. Kh2 {[%clk 0:00:11]} Qd2 {[%clk 0:01:22]} 36. Rbb1
{[%clk 0:00:21]} Rh5 {[%clk 0:00:51]} 37. Rbd1 {[%clk 0:00:26]} Qc2
{[%clk 0:00:52]} 38. Qg4 {[%clk 0:00:13]} Re8 {[%clk 0:00:47]} 39. Nc7
{[%clk 0:00:14]} Re7 {[%clk 0:00:33]} 40. Nd5 {[%clk 0:00:23]} Re8
{[%clk 0:00:43]} 41. f4 {[%clk 0:00:20]} Bg7 {[%clk 0:00:51]} 42. Qf3
{[%clk 0:00:25]} Rh6 {[%clk 0:00:36]} 43. Ra1 {[%clk 0:00:11]} Qd2
{[%clk 0:00:35]} 44. Rad1 {[%clk 0:00:21]} Qc2 {[%clk 0:00:44]} 45. Kh1
{[%clk 0:00:14]} Kh8 {[%clk 0:00:49]} 46. Ra1 {[%clk 0:00:17]} Qd2
{[%clk 0:00:58]} 47. Rad1 {[%clk 0:00:20]} Qc2 {[%clk 0:01:07]} 48. Qg4
{[%clk 0:00:17]} Rh5 {[%clk 0:00:54]} 49. Qf3 {[%clk 0:00:17]} Rh6
{[%clk 0:01:02]} 50. Kg1 {[%clk 0:00:20]} Kg8 {[%clk 0:01:05]} 51. Kf2
{[%clk 0:00:14]} g5 {[%clk 0:00:37]} 52. fxg5 {[%clk 0:00:16]} Rg6
{[%clk 0:00:47]} 53. Ra1 {[%clk 0:00:12]} Rxg5 {[%clk 0:00:34]} 54. Ra7
{[%clk 0:00:20]} f5 {[%clk 0:00:13]} 55. Ne7+ {[%clk 0:00:21]} Kh8
{[%clk 0:00:12]} 56. Rh1 {[%clk 0:00:25]} Be5 {[%clk 0:00:17]} 57. Rxh3+
{[%clk 0:00:30]} Kg7 {[%clk 0:00:26]} 58. Nxf5+ {[%clk 0:00:35]} Kg6
{[%clk 0:00:25]} 59. Rh6# {[%clk 0:00:42]} 1-0

[Event "Rapid 2018"]
[Site "Saint-Petersburg"]
[Date "2018.12.28"]
[Round "14"]
[Board "15"]
[White "Savchenko Boris (RUS)"]
[Black "Jakovenko Dmitry (RUS)"]
[Result "0-1"]
[LiveChessVersion "1.4.8"]
[BlackElo "2731"]
[WhiteElo "2660"]

1. e4 {[%clk 0:15:16]} e5 {[%clk 0:15:19]} 2. Nf3 {[%clk 0:14:53]} Nc6
{[%clk 0:15:28]} 3. Nc3 {[%clk 0:14:44]} Nf6 {[%clk 0:15:35]} 4. Rb1
{[%clk 0:14:48]} Bb4 {[%clk 0:13:50]} 5. Bc4 {[%clk 0:08:29]} Bxc3
{[%clk 0:12:01]} 6. bxc3 {[%clk 0:08:13]} Nxe4 {[%clk 0:11:19]} 7. Bd5
{[%clk 0:07:57]} Nf6 {[%clk 0:11:11]} 8. Bxc6 {[%clk 0:08:02]} dxc6
{[%clk 0:11:20]} 9. Nxe5 {[%clk 0:07:44]} Qd5 {[%clk 0:10:49]} 10. O-O
{[%clk 0:07:46]} O-O {[%clk 0:09:14]} 11. d4 {[%clk 0:06:54]} Qxa2
{[%clk 0:09:14]} 12. Rb3 {[%clk 0:06:11]} c5 {[%clk 0:07:52]} 13. dxc5
{[%clk 0:03:04]} Qa6 {[%clk 0:06:31]} 14. c4 {[%clk 0:02:45]} Bf5
{[%clk 0:06:14]} 15. Bb2 {[%clk 0:01:44]} Rfd8 {[%clk 0:05:34]} 16. Qc1
{[%clk 0:01:48]} Bg6 {[%clk 0:03:23]} 17. Re1 {[%clk 0:00:26]} Re8
{[%clk 0:03:21]} 18. Rbe3 {[%clk 0:00:17]} Qa4 {[%clk 0:03:02]} 19. c6
{[%clk 0:00:15]} bxc6 {[%clk 0:02:53]} 20. Nd7 {[%clk 0:00:19]} Ne4
{[%clk 0:02:15]} 21. f3 {[%clk 0:00:13]} c5 {[%clk 0:02:17]} 22. Ne5
{[%clk 0:00:14]} Nd6 {[%clk 0:02:03]} 23. R1e2 {[%clk 0:00:13]} f6
{[%clk 0:01:41]} 24. Ra3 {[%clk 0:00:13]} Qb4 {[%clk 0:01:20]} 25. Rb3
{[%clk 0:00:22]} Qa5 {[%clk 0:01:05]} 26. Nc6 {[%clk 0:00:30]} Qa4
{[%clk 0:01:09]} 27. Ne7+ {[%clk 0:00:35]} Kf7 {[%clk 0:01:14]} 28. Qe1
{[%clk 0:00:24]} Qxc4 {[%clk 0:01:13]} 29. Rbe3 {[%clk 0:00:25]} a5
{[%clk 0:00:54]} 30. h4 {[%clk 0:00:33]} a4 {[%clk 0:00:56]} 31. Ba1
{[%clk 0:00:15]} a3 {[%clk 0:01:03]} 32. g4 {[%clk 0:00:18]} a2 {[%clk 0:01:01]}
33. h5 {[%clk 0:00:26]} Be4 {[%clk 0:01:07]} 34. fxe4 {[%clk 0:00:12]} Rxe7
{[%clk 0:01:16]} 35. g5 {[%clk 0:00:19]} Rb8 {[%clk 0:01:24]} 36. Rb3
{[%clk 0:00:12]} Rxb3 {[%clk 0:01:30]} 37. cxb3 {[%clk 0:00:20]} Qxb3
{[%clk 0:01:38]} 38. Qf2 {[%clk 0:00:12]} Qb1+ {[%clk 0:01:44]} 39. Re1
{[%clk 0:00:21]} Rxe4 {[%clk 0:01:52]} 40. Rf1 {[%clk 0:00:22]} Rg4+
{[%clk 0:01:42]} 41. Kh2 {[%clk 0:00:31]} Qe4 {[%clk 0:01:47]} 42. Qxa2+
{[%clk 0:00:30]} c4 {[%clk 0:01:56]} 0-1

[Event "Rapid 2018"]
[Site "Saint-Petersburg"]
[Date "2018.12.28"]
[Round "14"]
[Board "16"]
[White "Sargissian Gabriel (ARM)"]
[Black "Oparin Grigoriy (RUS)"]
[Result "1/2-1/2"]
[LiveChessVersion "1.4.8"]
[BlackElo "2701"]
[WhiteElo "2674"]

1. d4 {[%clk 0:15:19]} Nf6 {[%clk 0:15:19]} 2. Nf3 {[%clk 0:15:28]} e6
{[%clk 0:15:27]} 3. c4 {[%clk 0:15:36]} b6 {[%clk 0:15:36]} 4. g3
{[%clk 0:15:40]} Bb7 {[%clk 0:15:45]} 5. Bg2 {[%clk 0:15:48]} Be7
{[%clk 0:15:54]} 6. O-O {[%clk 0:15:55]} O-O {[%clk 0:16:01]} 7. Re1
{[%clk 0:15:49]} Na6 {[%clk 0:16:09]} 8. Nc3 {[%clk 0:15:54]} Ne4
{[%clk 0:16:18]} 9. h4 {[%clk 0:15:59]} d6 {[%clk 0:14:56]} 10. Nxe4
{[%clk 0:15:43]} Bxe4 {[%clk 0:15:04]} 11. Ng5 {[%clk 0:15:51]} Bxg2
{[%clk 0:15:05]} 12. Kxg2 {[%clk 0:15:59]} h6 {[%clk 0:14:47]} 13. Nf3
{[%clk 0:16:00]} c5 {[%clk 0:13:00]} 14. d5 {[%clk 0:14:56]} exd5
{[%clk 0:13:08]} 15. Qxd5 {[%clk 0:13:46]} Nc7 {[%clk 0:12:45]} 16. Qf5
{[%clk 0:13:54]} Re8 {[%clk 0:11:31]} 17. Bf4 {[%clk 0:13:10]} Ne6
{[%clk 0:09:10]} 18. Rad1 {[%clk 0:11:14]} b5 {[%clk 0:08:51]} 19. cxb5
{[%clk 0:08:03]} Nxf4+ {[%clk 0:08:59]} 20. Qxf4 {[%clk 0:08:02]} Qa5
{[%clk 0:09:07]} 21. a4 {[%clk 0:06:43]} a6 {[%clk 0:09:16]} 22. bxa6
{[%clk 0:06:24]} Qxa6 {[%clk 0:07:19]} 23. b3 {[%clk 0:06:18]} Rab8
{[%clk 0:07:28]} 24. Nd2 {[%clk 0:03:56]} d5 {[%clk 0:05:36]} 25. Rc1
{[%clk 0:03:53]} Bf8 {[%clk 0:04:13]} 26. Qf3 {[%clk 0:03:49]} d4
{[%clk 0:02:22]} 27. Nc4 {[%clk 0:03:42]} Re6 {[%clk 0:02:28]} 28. e4
{[%clk 0:03:07]} Qb7 {[%clk 0:02:23]} 29. Rb1 {[%clk 0:02:54]} Rbe8
{[%clk 0:02:31]} 30. e5 {[%clk 0:02:58]} Qb8 {[%clk 0:02:38]} 31. a5
{[%clk 0:02:53]} Be7 {[%clk 0:02:27]} 32. Ra1 {[%clk 0:02:51]} Bd8
{[%clk 0:02:33]} 33. a6 {[%clk 0:02:43]} R8e7 {[%clk 0:02:33]} 34. Nd6
{[%clk 0:02:25]} Ra7 {[%clk 0:02:29]} 35. Qc6 {[%clk 0:01:57]} Be7
{[%clk 0:00:50]} 36. Qc8+ {[%clk 0:01:19]} Qxc8 {[%clk 0:00:59]} 37. Nxc8
{[%clk 0:01:28]} Ra8 {[%clk 0:01:08]} 38. Nxe7+ {[%clk 0:01:19]} Rxe7
{[%clk 0:01:17]} 39. Ra5 {[%clk 0:01:16]} Re6 {[%clk 0:00:50]} 40. a7
{[%clk 0:01:10]} Re7 {[%clk 0:00:58]} 41. Rea1 {[%clk 0:00:53]} Rxe5
{[%clk 0:01:05]} 42. Rb5 {[%clk 0:00:55]} Ree8 {[%clk 0:01:11]} 43. Rxc5
{[%clk 0:00:58]} Re7 {[%clk 0:01:14]} 44. Rd5 {[%clk 0:00:49]} Raxa7
{[%clk 0:01:21]} 45. Rxa7 {[%clk 0:00:57]} Rxa7 {[%clk 0:01:29]} 46. Rd8+
{[%clk 0:01:05]} Kh7 {[%clk 0:01:38]} 47. Rxd4 {[%clk 0:01:14]} Ra2
{[%clk 0:01:40]} 48. b4 {[%clk 0:01:19]} Rb2 {[%clk 0:01:48]} 49. Kf3
{[%clk 0:01:25]} h5 {[%clk 0:01:46]} 50. Ke3 {[%clk 0:01:15]} Kg6
{[%clk 0:01:21]} 51. Rf4 {[%clk 0:01:07]} f6 {[%clk 0:01:27]} 52. Kd3
{[%clk 0:01:15]} Kf7 {[%clk 0:01:35]} 53. Kc3 {[%clk 0:01:24]} Rb1
{[%clk 0:01:44]} 54. Kc4 {[%clk 0:01:21]} Ke6 {[%clk 0:01:46]} 55. Kc5
{[%clk 0:01:14]} g5 {[%clk 0:01:49]} 56. Rc4 {[%clk 0:01:07]} Rb2
{[%clk 0:01:41]} 57. hxg5 {[%clk 0:00:35]} fxg5 {[%clk 0:01:50]} 58. f4
{[%clk 0:00:41]} h4 {[%clk 0:00:38]} 59. fxg5 {[%clk 0:00:30]} h3
{[%clk 0:00:28]} 60. Rh4 {[%clk 0:00:35]} h2 {[%clk 0:00:37]} 61. b5
{[%clk 0:00:35]} Rc2+ {[%clk 0:00:37]} 62. Kb6 {[%clk 0:00:41]} Kf5
{[%clk 0:00:46]} 63. Ka6 {[%clk 0:00:42]} Ra2+ {[%clk 0:00:55]} 64. Kb7
{[%clk 0:00:51]} Kxg5 {[%clk 0:00:59]} 65. b6 {[%clk 0:01:00]} Rb2
{[%clk 0:00:58]} 66. Kc7 {[%clk 0:01:07]} Rc2+ {[%clk 0:01:07]} 67. Kb8
{[%clk 0:01:15]} Rb2 {[%clk 0:01:15]} 68. b7 {[%clk 0:01:24]} Kf5
{[%clk 0:01:18]} 69. Kc7 {[%clk 0:00:52]} Rc2+ {[%clk 0:01:27]} 70. Kd7
{[%clk 0:01:00]} Rb2 {[%clk 0:01:36]} 71. Kc6 {[%clk 0:01:05]} Rc2+
{[%clk 0:01:38]} 72. Kd7 {[%clk 0:01:08]} Rb2 {[%clk 0:01:47]} 73. Kc7
{[%clk 0:01:16]} Rc2+ {[%clk 0:01:56]} 74. Kb8 {[%clk 0:01:16]} Rb2
{[%clk 0:02:04]} 1/2-1/2

[Event "Rapid 2018"]
[Site "Saint-Petersburg"]
[Date "2018.12.28"]
[Round "14"]
[Board "17"]
[White "Cheparinov Ivan (GEO)"]
[Black "Alekseev Evgeny (RUS)"]
[Result "1-0"]
[LiveChessVersion "1.4.8"]
[BlackElo "2650"]
[WhiteElo "2697"]

1. Nf3 {[%clk 0:15:18]} c5 {[%clk 0:15:15]} 2. c4 {[%clk 0:15:26]} Nc6
{[%clk 0:15:07]} 3. Nc3 {[%clk 0:15:34]} g6 {[%clk 0:14:56]} 4. e3
{[%clk 0:15:41]} Nf6 {[%clk 0:14:57]} 5. d4 {[%clk 0:15:49]} cxd4
{[%clk 0:15:04]} 6. exd4 {[%clk 0:15:57]} d5 {[%clk 0:15:12]} 7. cxd5
{[%clk 0:16:04]} Nxd5 {[%clk 0:15:21]} 8. Qb3 {[%clk 0:16:12]} e6
{[%clk 0:15:15]} 9. Bb5 {[%clk 0:16:15]} Bg7 {[%clk 0:15:16]} 10. O-O
{[%clk 0:16:19]} O-O {[%clk 0:15:19]} 11. Bxc6 {[%clk 0:16:27]} bxc6
{[%clk 0:15:26]} 12. Re1 {[%clk 0:16:34]} Qc7 {[%clk 0:13:13]} 13. h3
{[%clk 0:16:39]} Rb8 {[%clk 0:12:21]} 14. Qd1 {[%clk 0:16:44]} Rd8
{[%clk 0:11:20]} 15. Ne4 {[%clk 0:15:02]} h6 {[%clk 0:11:15]} 16. Bd2
{[%clk 0:14:33]} Kh7 {[%clk 0:09:00]} 17. Rb1 {[%clk 0:12:15]} Rb5
{[%clk 0:07:17]} 18. a4 {[%clk 0:11:58]} Rb8 {[%clk 0:07:15]} 19. b4
{[%clk 0:12:03]} Qe7 {[%clk 0:05:51]} 20. Nc5 {[%clk 0:11:24]} Bd7
{[%clk 0:05:21]} 21. Ne5 {[%clk 0:11:08]} Be8 {[%clk 0:05:30]} 22. Qc2
{[%clk 0:10:54]} Qh4 {[%clk 0:04:48]} 23. Re4 {[%clk 0:10:29]} Qe7
{[%clk 0:04:53]} 24. Ree1 {[%clk 0:10:00]} Qh4 {[%clk 0:05:02]} 25. Nf3
{[%clk 0:09:47]} Qf6 {[%clk 0:04:43]} 26. Rb3 {[%clk 0:09:45]} Qe7
{[%clk 0:03:25]} 27. Ne5 {[%clk 0:09:36]} Qh4 {[%clk 0:03:27]} 28. Nf3
{[%clk 0:09:15]} Qe7 {[%clk 0:03:31]} 29. Qc1 {[%clk 0:09:10]} Qf6
{[%clk 0:03:02]} 30. Ne5 {[%clk 0:09:01]} Qh4 {[%clk 0:03:06]} 31. Nf3
{[%clk 0:08:49]} Qf6 {[%clk 0:03:03]} 32. Re4 {[%clk 0:08:55]} Qe7
{[%clk 0:02:28]} 33. Rh4 {[%clk 0:08:51]} h5 {[%clk 0:01:47]} 34. Re4
{[%clk 0:08:41]} Rd6 {[%clk 0:01:14]} 35. Re1 {[%clk 0:08:08]} f6
{[%clk 0:01:13]} 36. Qc4 {[%clk 0:06:53]} Bf7 {[%clk 0:00:41]} 37. Qc2
{[%clk 0:06:06]} Kg8 {[%clk 0:00:41]} 38. Qc1 {[%clk 0:05:10]} g5
{[%clk 0:00:44]} 39. Ne4 {[%clk 0:04:39]} Rd7 {[%clk 0:00:18]} 40. Qxc6 Rc7 41.
Qa6 {[%clk 0:02:59]} g4 {[%clk 0:00:14]} 42. hxg4 {[%clk 0:03:08]} hxg4
{[%clk 0:00:23]} 43. Nh2 {[%clk 0:02:55]} Nxb4 {[%clk 0:00:22]} 44. Qa5
{[%clk 0:02:40]} Nc6 {[%clk 0:00:12]} 45. Rxb8+ {[%clk 0:02:47]} Nxb8
{[%clk 0:00:21]} 46. Nxg4 {[%clk 0:02:38]} Rc8 {[%clk 0:00:24]} 47. Bb4
{[%clk 0:02:26]} Qd8 {[%clk 0:00:29]} 48. Qxd8+ {[%clk 0:02:33]} Rxd8
{[%clk 0:00:38]} 49. Ngxf6+ {[%clk 0:02:29]} Bxf6 {[%clk 0:00:46]} 50. Nxf6+ Kg7
51. Ng4 {[%clk 0:02:01]} Nc6 {[%clk 0:01:05]} 52. Bc3 {[%clk 0:02:08]} Kf8
{[%clk 0:00:57]} 53. Re4 {[%clk 0:01:56]} Ke7 {[%clk 0:00:59]} 54. Ne5
{[%clk 0:01:43]} Be8 {[%clk 0:01:08]} 55. Rh4 {[%clk 0:01:35]} Nxe5
{[%clk 0:00:59]} 56. dxe5 {[%clk 0:01:44]} Rd1+ {[%clk 0:00:58]} 57. Kh2
{[%clk 0:01:53]} Bg6 {[%clk 0:00:58]} 58. Rg4 {[%clk 0:01:51]} Kf7
{[%clk 0:00:58]} 59. Rb4 {[%clk 0:01:55]} Rd7 {[%clk 0:01:01]} 60. a5
{[%clk 0:01:53]} a6 {[%clk 0:00:48]} 61. Bd4 {[%clk 0:01:58]} Be4
{[%clk 0:00:55]} 62. Bc5 {[%clk 0:02:01]} Bc6 {[%clk 0:00:56]} 63. Bd6
{[%clk 0:02:05]} Rb7 {[%clk 0:00:54]} 64. Rf4+ {[%clk 0:02:06]} Ke8
{[%clk 0:01:03]} 65. Rf8+ {[%clk 0:01:58]} Kd7 {[%clk 0:01:13]} 66. g4
{[%clk 0:01:34]} Rb3 {[%clk 0:01:12]} 67. Rf7+ {[%clk 0:01:34]} Kd8
{[%clk 0:01:16]} 68. Rf8+ {[%clk 0:01:24]} Kd7 {[%clk 0:01:25]} 69. f4
{[%clk 0:01:14]} Be4 {[%clk 0:01:03]} 70. Rf7+ {[%clk 0:00:58]} Kc6
{[%clk 0:01:01]} 71. f5 {[%clk 0:01:05]} exf5 {[%clk 0:01:02]} 72. gxf5
{[%clk 0:01:12]} Kd5 {[%clk 0:00:51]} 73. f6 {[%clk 0:01:13]} Rf3
{[%clk 0:00:32]} 74. Rg7 {[%clk 0:01:05]} Ke6 {[%clk 0:00:38]} 75. Re7+
{[%clk 0:01:11]} Kd5 {[%clk 0:00:47]} 76. Ra7 {[%clk 0:01:08]} Bg6
{[%clk 0:00:49]} 77. Rxa6 {[%clk 0:01:08]} Ke4 {[%clk 0:00:51]} 78. Rb6
{[%clk 0:01:16]} 1-0

[Event "Rapid 2018"]
[Site "Saint-Petersburg"]
[Date "2018.12.28"]
[Round "14"]
[Board "18"]
[White "Motylev Alexander (RUS)"]
[Black "Paravyan David (RUS)"]
[Result "0-1"]
[LiveChessVersion "1.4.8"]
[BlackElo "2611"]
[WhiteElo "2697"]

1. e4 {[%clk 0:15:18]} e5 {[%clk 0:15:19]} 2. Nf3 {[%clk 0:15:26]} Nc6
{[%clk 0:15:29]} 3. Nc3 {[%clk 0:15:29]} Nf6 {[%clk 0:15:37]} 4. d4
{[%clk 0:15:38]} exd4 {[%clk 0:15:46]} 5. Nxd4 {[%clk 0:15:47]} Bb4
{[%clk 0:15:54]} 6. Nxc6 {[%clk 0:15:55]} bxc6 {[%clk 0:16:03]} 7. Bd3
{[%clk 0:16:04]} O-O {[%clk 0:16:11]} 8. O-O {[%clk 0:16:12]} d5 {[%clk 0:16:20]}
9. Bd2 {[%clk 0:16:21]} Rb8 {[%clk 0:15:33]} 10. Re1 {[%clk 0:16:30]} Be6
{[%clk 0:14:52]} 11. a3 {[%clk 0:16:09]} Bc5 {[%clk 0:13:39]} 12. Bg5
{[%clk 0:15:40]} h6 {[%clk 0:12:44]} 13. Bh4 {[%clk 0:15:35]} Be7
{[%clk 0:11:28]} 14. exd5 {[%clk 0:14:11]} Nxd5 {[%clk 0:11:35]} 15. Bxe7
{[%clk 0:13:41]} Qxe7 {[%clk 0:11:44]} 16. Qf3 {[%clk 0:11:02]} Qg5
{[%clk 0:08:05]} 17. Ne4 {[%clk 0:09:47]} Qf4 {[%clk 0:08:13]} 18. Qxf4
{[%clk 0:09:54]} Nxf4 {[%clk 0:08:21]} 19. b4 {[%clk 0:10:02]} Nxd3
{[%clk 0:07:54]} 20. cxd3 {[%clk 0:10:11]} Bd5 {[%clk 0:07:01]} 21. Nc5
{[%clk 0:10:18]} Rfd8 {[%clk 0:05:20]} 22. Re7 {[%clk 0:09:42]} Rbc8
{[%clk 0:05:30]} 23. Rae1 {[%clk 0:09:30]} Kf8 {[%clk 0:04:03]} 24. R7e3
{[%clk 0:08:33]} Rd6 {[%clk 0:03:42]} 25. f3 {[%clk 0:08:15]} Be6
{[%clk 0:02:58]} 26. Kf2 {[%clk 0:07:45]} Re8 {[%clk 0:02:14]} 27. Re5
{[%clk 0:07:10]} Rd5 {[%clk 0:02:04]} 28. Rxd5 {[%clk 0:06:11]} cxd5
{[%clk 0:02:03]} 29. Rc1 {[%clk 0:06:12]} d4 {[%clk 0:01:32]} 30. b5
{[%clk 0:02:39]} Rc8 {[%clk 0:00:43]} 31. Nxe6+ {[%clk 0:01:39]} fxe6 32. f4 Ke7
{[%clk 0:00:23]} 33. Kf3 {[%clk 0:01:47]} Kd7 {[%clk 0:00:11]} 34. Rc4
{[%clk 0:01:39]} Rb8 {[%clk 0:00:11]} 35. Rxd4+ {[%clk 0:01:44]} Ke7
{[%clk 0:00:14]} 36. Rc4 {[%clk 0:01:48]} Kd7 {[%clk 0:00:16]} 37. Rc5
{[%clk 0:01:13]} Rb6 {[%clk 0:00:15]} 38. a4 {[%clk 0:01:16]} Kd6
{[%clk 0:00:18]} 39. d4 {[%clk 0:01:07]} a6 {[%clk 0:00:27]} 40. Ke4
{[%clk 0:00:52]} axb5 {[%clk 0:00:31]} 41. Rxb5 {[%clk 0:01:01]} Rc6 42. Rb2 Rc4
{[%clk 0:00:25]} 43. a5 {[%clk 0:00:46]} Ra4 {[%clk 0:00:27]} 44. Rb5
{[%clk 0:00:50]} Ra2 {[%clk 0:00:17]} 45. Kf3 {[%clk 0:00:35]} Ra3+
{[%clk 0:00:23]} 46. Kg4 {[%clk 0:00:44]} Ra2 {[%clk 0:00:28]} 47. Kh3
{[%clk 0:00:46]} Ra4 {[%clk 0:00:32]} 48. Rb8 {[%clk 0:00:24]} Rxa5
{[%clk 0:00:36]} 49. Rg8 {[%clk 0:00:32]} g5 {[%clk 0:00:34]} 50. fxg5
{[%clk 0:00:35]} Rxg5 {[%clk 0:00:39]} 51. Rxg5 {[%clk 0:00:14]} hxg5
{[%clk 0:00:48]} 52. Kg4 {[%clk 0:00:23]} e5 {[%clk 0:00:57]} 53. Kxg5
{[%clk 0:00:32]} exd4 {[%clk 0:01:05]} 54. Kf4 {[%clk 0:00:40]} Kd5
{[%clk 0:00:51]} 55. h4 {[%clk 0:00:49]} c5 {[%clk 0:00:59]} 56. h5
{[%clk 0:00:58]} c4 {[%clk 0:01:06]} 57. h6 {[%clk 0:00:49]} c3 {[%clk 0:01:14]}
58. h7 {[%clk 0:00:58]} c2 {[%clk 0:01:23]} 59. h8=Q {[%clk 0:01:04]} c1=Q+
{[%clk 0:01:27]} 60. Kg3 {[%clk 0:01:09]} Qg5+ {[%clk 0:00:24]} 61. Kf3
{[%clk 0:01:17]} Qe3+ {[%clk 0:00:26]} 62. Kg4 {[%clk 0:01:25]} d3
{[%clk 0:00:30]} 63. Qa8+ {[%clk 0:00:13]} Kc4 {[%clk 0:00:37]} 64. Qc6+
{[%clk 0:00:12]} Kb3 {[%clk 0:00:36]} 65. Qb5+ {[%clk 0:00:15]} Kc2
{[%clk 0:00:35]} 66. Qa4+ {[%clk 0:00:21]} Kd2 {[%clk 0:00:36]} 67. g3
{[%clk 0:00:17]} Ke2 {[%clk 0:00:41]} 68. Qc4 {[%clk 0:00:14]} Kf2
{[%clk 0:00:30]} 69. Qf7+ {[%clk 0:00:21]} Ke1 {[%clk 0:00:35]} 70. Qb3
{[%clk 0:00:15]} Qe4+ {[%clk 0:00:37]} 71. Kh3 {[%clk 0:00:15]} d2
{[%clk 0:00:44]} 72. Qc3 {[%clk 0:00:22]} Ke2 {[%clk 0:00:52]} 73. Qb2
{[%clk 0:00:32]} Qf5+ {[%clk 0:00:28]} 74. Kh4 {[%clk 0:00:36]} Qe4+
{[%clk 0:00:15]} 75. Kg5 {[%clk 0:00:22]} Qe3+ {[%clk 0:00:19]} 76. Kg4
{[%clk 0:00:25]} Ke1 {[%clk 0:00:24]} 77. Qb4 {[%clk 0:00:31]} Kf1
{[%clk 0:00:29]} 78. Qb1+ {[%clk 0:00:11]} Kf2 {[%clk 0:00:27]} 79. Qf5+
{[%clk 0:00:18]} Ke1 {[%clk 0:00:31]} 80. Qa5 {[%clk 0:00:26]} Qe4+
{[%clk 0:00:20]} 81. Kh3 {[%clk 0:00:34]} Qh1+ {[%clk 0:00:23]} 82. Kg4
{[%clk 0:00:43]} Qe4+ {[%clk 0:00:31]} 83. Kh3 {[%clk 0:00:52]} Ke2
{[%clk 0:00:23]} 84. Qa6+ {[%clk 0:00:43]} Qd3 {[%clk 0:00:19]} 85. Qe6+
{[%clk 0:00:40]} Qe3 {[%clk 0:00:28]} 86. Qc4+ {[%clk 0:00:16]} Kf2
{[%clk 0:00:36]} 87. Qf7+ {[%clk 0:00:22]} Ke1 {[%clk 0:00:44]} 88. Kg2
{[%clk 0:00:14]} Qe2+ {[%clk 0:00:51]} 0-1

[Event "Rapid 2018"]
[Site "Saint-Petersburg"]
[Date "2018.12.28"]
[Round "14"]
[Board "19"]
[White "Rakhmanov Aleksandr (RUS)"]
[Black "Amonatov Farrukh (TJK)"]
[Result "1-0"]
[LiveChessVersion "1.4.8"]
[BlackElo "2688"]
[WhiteElo "2613"]

1. c4 {[%clk 0:15:17]} Nf6 {[%clk 0:15:19]} 2. Nc3 {[%clk 0:15:26]} g6
{[%clk 0:15:28]} 3. g3 {[%clk 0:15:34]} Bg7 {[%clk 0:15:37]} 4. Bg2
{[%clk 0:15:43]} O-O {[%clk 0:15:45]} 5. d3 {[%clk 0:15:52]} c5 {[%clk 0:15:49]}
6. e3 {[%clk 0:15:53]} Nc6 {[%clk 0:15:57]} 7. Nge2 {[%clk 0:16:01]} e5
{[%clk 0:16:04]} 8. b3 {[%clk 0:15:59]} d6 {[%clk 0:16:12]} 9. Bb2
{[%clk 0:16:06]} Ne8 {[%clk 0:16:11]} 10. O-O {[%clk 0:16:05]} Nc7
{[%clk 0:16:20]} 11. Qd2 {[%clk 0:16:08]} a6 {[%clk 0:16:25]} 12. Nd5
{[%clk 0:15:42]} Nxd5 {[%clk 0:16:27]} 13. cxd5 {[%clk 0:14:07]} Ne7
{[%clk 0:16:36]} 14. e4 {[%clk 0:14:16]} Bd7 {[%clk 0:15:34]} 15. f4
{[%clk 0:14:04]} f6 {[%clk 0:15:43]} 16. Rf2 {[%clk 0:14:03]} b5 {[%clk 0:15:42]}
17. Raf1 {[%clk 0:13:37]} Qb6 {[%clk 0:15:51]} 18. h4 {[%clk 0:13:19]} a5
{[%clk 0:14:30]} 19. Kh2 {[%clk 0:13:20]} a4 {[%clk 0:14:36]} 20. b4
{[%clk 0:13:28]} Rac8 {[%clk 0:12:48]} 21. Bc3 {[%clk 0:12:47]} Bg4
{[%clk 0:11:38]} 22. Bh3 {[%clk 0:10:41]} Bxh3 {[%clk 0:11:45]} 23. Kxh3
{[%clk 0:10:50]} cxb4 {[%clk 0:09:38]} 24. Bxb4 {[%clk 0:10:58]} f5
{[%clk 0:09:47]} 25. fxe5 {[%clk 0:08:07]} Bxe5 {[%clk 0:09:53]} 26. Nf4
{[%clk 0:07:45]} fxe4 {[%clk 0:03:00]} 27. dxe4 {[%clk 0:07:54]} Rce8
{[%clk 0:02:56]} 28. Ne6 {[%clk 0:07:09]} Rxf2 {[%clk 0:03:05]} 29. Rxf2
{[%clk 0:05:47]} Nc6 {[%clk 0:03:14]} 30. Rf1 {[%clk 0:02:56]} Qb7
{[%clk 0:01:09]} 31. Qf2 {[%clk 0:01:53]} Qe7 {[%clk 0:01:08]} 32. Bd2
{[%clk 0:02:01]} Nd8 {[%clk 0:01:14]} 33. Bg5 {[%clk 0:01:57]} Qf7
{[%clk 0:01:11]} 34. Bxd8 {[%clk 0:01:15]} Qxf2 {[%clk 0:01:16]} 35. Rxf2
{[%clk 0:01:23]} b4 {[%clk 0:01:25]} 36. Rf1 {[%clk 0:00:26]} a3 {[%clk 0:01:11]}
37. Bf6 {[%clk 0:00:23]} Bxf6 {[%clk 0:00:58]} 38. Rxf6 {[%clk 0:00:32]} Rc8
{[%clk 0:00:55]} 39. h5 {[%clk 0:00:22]} gxh5 {[%clk 0:01:01]} 40. Kh4
{[%clk 0:00:31]} h6 {[%clk 0:00:56]} 41. Kxh5 {[%clk 0:00:39]} Kh7
{[%clk 0:00:22]} 42. Rf7+ {[%clk 0:00:46]} Kg8 {[%clk 0:00:27]} 43. Kg6
{[%clk 0:00:54]} b3 {[%clk 0:00:27]} 44. axb3 {[%clk 0:01:01]} Ra8
{[%clk 0:00:37]} 45. Rf1 {[%clk 0:00:57]} a2 {[%clk 0:00:46]} 46. Ra1
{[%clk 0:01:06]} Kh8 {[%clk 0:00:54]} 47. b4 {[%clk 0:01:09]} Ra3
{[%clk 0:00:57]} 48. g4 {[%clk 0:01:09]} Ra4 {[%clk 0:01:02]} 49. Kf5
{[%clk 0:00:57]} 1-0